| 000 | 00475nam a22002057a 4500 | ||
|---|---|---|---|
| 999 |
_c12609 _d12609 |
||
| 020 | _a0495118575 | ||
| 022 | _a978-0495118572 | ||
| 082 | _a551.6AKR | ||
| 100 | _aAhrens C D | ||
| 245 | _aExtreme Weather and Climate | ||
| 260 |
_aSpain _bCengage Learning _c2011 |
||
| 300 | _a508 | ||
| 650 | _aClimatic extremes | ||
| 650 | _aMeteorology | ||
| 650 | _aSevere storms | ||
| 650 | _aWeather forecasting | ||
| 650 | _aWeather | ||
| 650 | _aClimatology | ||
| 942 | _cBK | ||